Hunger Games Scramble Quiz Stats

 Plays Quiz not verified by Sporcle

Support Sporcle.
Go Orange.
Score 0/14 Timer 03:00
0 Plays Today
Scrambled Word Answer % Correct
AEMSSEAM
84.7%
BCTUREPUTBUTTERCUP
78.5%
RJYAJABEBJABBERJAY
76.7%
MNAPEPANEM
74%
ISKTANSKATNISS
73.7%
RSRPMOEIPRIMROSE
62.8%
LVMAERMARVEL
58.4%
Scrambled Word Answer % Correct
TLCIPAOCAPITOL
49%
EPEPACKEREEPEACEKEEPER
48.7%
NRAAEARENA
47.8%
GRAPNEIREAPING
42.2%
NORIABAEENOBARIA
40.7%
RACERECAREER
40.1%
CNOKTHILGNIGHTLOCK
39.8%

You're not logged in!

Compare scores with friends on all Sporcle quizzes.
OR
Log In

From the Vault

Any NFL Team Besides the 49ers

by sathyamc

Bring on Bill Walsh and the invention of the West Coast offense.
Remove Ads.
Support Sporcle.
Get the best of Sporcle when you Go Orange. This ad-free experience offers more features, more stats, and more fun while also helping to support Sporcle. Thank you for becoming a member.

Show Comments

Extras

Top Quizzes Today


Score Distribution

Your Account Isn't Verified!

In order to create a playlist on Sporcle, you need to verify the email address you used during registration. Go to your Sporcle Settings to finish the process.

Report this User

Report this user for behavior that violates our Community Guidelines.

Details: